000
00307nam a22001337a 4500
008
181210b xxu||||| |||| 00| 0 eng d
020
_a
9780312075309
041
_a
eng
080
_2
4 TH
_a
370
100
_a
48
101
_a
EDU
245
_a
The Bedford Hand book Writers
_c
Diana.H
942
_2
udc
_c
BK
999
_c
53108
_d
53108